Schelling politikai gondolkodása
Elmentve itt :
| Szerző: | |
|---|---|
| Adatforrás: | Philobibl |
| Forrásdokumentuma: | Többlet 1.2009:2. p. 65-70. |
| Dokumentumtípus: | Cikk |
| Nyelv: | magyar |
| Kulcsszavak: | filozófia, német felvilágosodás politikaelmélet én szabadság |
| LEADER | 00437nab a2200157 c 4500 | ||
|---|---|---|---|
| 001 | bibPHI0036774 | ||
| 005 | 20200924123714.9 | ||
| 008 | 100218s2009 rm hun | ||
| 100 | 1 | |a Soós Amália-Mária | |
| 245 | 1 | 0 | |a Schelling politikai gondolkodása |c Soós Amália-Mária |
| 695 | |a filozófia, német | ||
| 695 | |a felvilágosodás | ||
| 695 | |a politikaelmélet | ||
| 695 | |a én | ||
| 695 | |a szabadság | ||
| 773 | 0 | |t Többlet |g 1.2009:2. p. 65-70. | |